| 000 | 00728nam a2200253Ia 4500 | ||
|---|---|---|---|
| 003 | OSt | ||
| 005 | 20220927105454.0 | ||
| 006 | a|||||r|||| 00| 0 | ||
| 007 | ta | ||
| 008 | 220926b |||||||| |||| 00| 0 eng d | ||
| 024 | _a174646 | ||
| 037 | _cReference Collections | ||
| 040 |
_aRTL _cRTL _beng |
||
| 041 |
_2eng _aeng |
||
| 082 | _a"V2,32p.N90, N.155-7/GD" | ||
| 110 |
_a"INDIA, RAJYA SABHA" _9372733 |
||
| 245 | 0 |
_aRajya Sabha _b Official report |
|
| 260 |
_aNew _bDelhi Rajya Sabha Secretariat _c1990 |
||
| 300 |
_a434p. _ccm. |
||
| 490 | _v"Vol 155, No 7" | ||
| 700 |
_a"INDIA, RAJYA SABHA" _9372734 |
||
| 942 |
_h"V2,32p.N90, N.155-7/GD" _cCC |
||
| 999 |
_c692695 _d692695 |
||